000 00368nam a22001457a 4500
999 _c9201
_d9201
003 OSt
008 201119b ||||| |||| 00| 0 eng d
100 _aCarter, Ronald Merac
245 _aThe Routledge History of Literature in English
250 _a3rd
260 _aNew Delhi
_b.Heritage
_c1997
300 _a605
650 _aB.A Hons. English
942 _2ddc
_cBK
_021